header

I Spy A School Bus (Record no. 264313)

MARC details
000 -LEADER
fixed length control field 00213nam a22000977a 4500
020 ## - INTERNATIONAL STANDARD BOOK NUMBER
ISBN 9780439524735
100 ## - MAIN ENTRY--AUTHOR NAME
Personal name Jean Marzollo
245 ## - TITLE STATEMENT
Title I Spy A School Bus
260 ## - PUBLICATION, DISTRIBUTION, ETC. (IMPRINT)
Place of publication USA
Name of publisher Scholastic Inc
Year of publication 2008
942 ## - ADDED ENTRY ELEMENTS (KOHA)
Koha item type Long Loan Books
Holdings
Withdrawn status Lost status Collection code Home library Current library Shelving location Date acquired Accession Number Koha item type
    Non-fiction Rongo University Library Rongo University Library Children's Area 14/08/2024 CL20211552 Long Loan Books

© 2026 Rongo University
Contact us: librarian | system librarian | Rongo university